000 00792nam a2200313Ia 4500
005 20251020182451.0
008 200515s9999 xx 000 0 und d
020 _a84-283-2582-0
082 _a621.221/O73
100 _aOrtega RodrĂ­guez, Mario
245 0 _aEnergĂ­as Renovables
250 _a2a ed.
260 _aMadrid
260 _bPARANINFO ; THOMSON LEARNING
260 _c2002
300 _a328 p.
300 _bil., tbl., graf.
500 _a1 ejemplar
650 _aENERGIA
650 _aENERGIA DE LA BIOMASA
650 _aENERGIA EOLICA
650 _aENERGIA MINIHIDRAULICA
650 _aENERGIA SOLAR FOTOVOLTAICA
650 _aENERGIA SOLAR PASIVA
650 _aENERGIA SOLAR TERMICA
650 _aENERGIAS RENOVABLES
942 _cLIB
999 _c852
_d852